[Event "First Saturday 2011 szeptember GM"]
[Site "Budapest"]
[Date "2011.09.03"]
[Round "1"]
[White "Illinworth, Max"]
[Black "Varga, Zoltan"]
[Result "1-0"]
[WhiteElo "2357"]
[BlackElo "2474"]
[PlyCount "123"]
[EventDate "2011.09.03"]

1. e4 d5 2. exd5 Nf6 3. Nf3 Nxd5 4. d4 Bg4 5. Be2 c6 6. O-O e6 7. h3 Bh5 8. c4
Nf6 9. Nc3 Be7 10. Qb3 Qb6 11. c5 Qc7 12. Bf4 Qc8 13. g4 Bg6 14. Ne5 Nd5 15.
Bg3 O-O 16. h4 f5 17. g5 Nd7 18. Rfe1 Nxe5 19. Bxe5 Qd7 20. Bf3 Rfe8 21. Ne2
Bf7 22. Bxd5 exd5 23. Nf4 g6 24. Qg3 b6 25. Nd3 bxc5 26. Nxc5 Bxc5 27. dxc5 d4
28. Qf4 d3 29. Rad1 Bxa2 30. Re3 d2 31. Bc3 Rxe3 32. Qxe3 h6 33. Rxd2 Bd5 34.
Qe5 Kh7 35. h5 Qf7 36. hxg6+ Qxg6 37. f4 Re8 38. Qc7+ Qf7 39. Rh2 Qxc7 40.
Rxh6+ Kg8 41. Rh8+ Kf7 42. Rh7+ Kg6 43. Rxc7 Re4 44. Be5 a5 45. Kf2 a4 46. Rg7+
Kh5 47. Rh7+ Kg4 48. Rd7 Kh5 49. Rd6 a3 50. bxa3 Ra4 51. Rxd5 cxd5 52. c6 Kg6
53. c7 Ra8 54. a4 Kf7 55. a5 Ke7 56. g6 Kd7 57. g7 Kc6 58. Ke3 Rg8 59. Kd4 Re8
60. a6 Rg8 61. a7 Re8 62. Bf6 1-0

[Event "First Saturday 2011 szeptember GM"]
[Site "Budapest"]
[Date "2011.09.03"]
[Round "1"]
[White "Czebe, Attila"]
[Black "Rodrigez, Lopez Rafael"]
[Result "1-0"]
[WhiteElo "2513"]
[BlackElo "2313"]
[PlyCount "75"]
[EventDate "2011.09.03"]

1. e4 c5 2. Nf3 e6 3. d3 Nc6 4. g3 d6 5. Bg2 Nf6 6. O-O Be7 7. Re1 O-O 8. c3
Bd7 9. d4 d5 10. exd5 Nxd5 11. dxc5 Bxc5 12. Nbd2 h6 13. Nb3 Bb6 14. c4 Nf6 15.
Bf4 Ng4 16. c5 Bc7 17. Bd6 Re8 18. Nfd4 Bxd6 19. Nxc6 Bxc6 20. Bxc6 bxc6 21.
cxd6 Nf6 22. Rc1 Qb6 23. Qd4 Red8 24. Nc5 Rab8 25. Re2 Nd7 26. Rd2 Nxc5 27.
Rxc5 Rd7 28. Qc3 Qb4 29. Qxb4 Rxb4 30. Rxc6 Rb8 31. Rc7 Rbd8 32. b4 Kf8 33. Rd3
a5 34. Rxd7 Rxd7 35. bxa5 Ke8 36. a6 Ra7 37. d7+ Kd8 38. Rd6 1-0

[Event "First Saturday 2011 szeptember GM"]
[Site "Budapest"]
[Date "2011.09.03"]
[Round "1"]
[White "Hagen, Andreas Skytte"]
[Black "Poetsch, Hagen"]
[Result "1/2-1/2"]
[WhiteElo "2454"]
[BlackElo "2401"]
[PlyCount "65"]
[EventDate "2011.09.03"]

1. c4 e5 2. g3 Nf6 3. Bg2 d5 4. cxd5 Nxd5 5. Nc3 Nb6 6. Nf3 Nc6 7. O-O Be7 8.
a3 O-O 9. b4 Be6 10. Rb1 f6 11. d3 Nd4 12. Nd2 c6 13. Nde4 Nd5 14. Bb2 a5 15.
e3 Nxc3 16. Nxc3 axb4 17. axb4 Nf5 18. b5 cxb5 19. Nxb5 Qd7 20. Bc3 Rfc8 21.
Be1 Rd8 22. Be4 Ra6 23. Bb4 Bxb4 24. Rxb4 Rb6 25. Qa4 Nd6 26. Nxd6 Qxa4 27.
Rxa4 Rbxd6 28. Bxb7 Rxd3 29. Ra8 Rxa8 30. Bxa8 Kf7 31. Bf3 Bd5 32. Bxd5+ Rxd5
33. e4 1/2-1/2

[Event "First Saturday 2011 szeptember GM"]
[Site "Budapest"]
[Date "2011.09.03"]
[Round "1"]
[White "Vajda, Levente"]
[Black "Mulyar, Michael A"]
[Result "1-0"]
[WhiteElo "2557"]
[BlackElo "2421"]
[PlyCount "99"]
[EventDate "2011.09.03"]

1. e4 e5 2. Nf3 Nc6 3. Bc4 Bc5 4. c3 Nf6 5. d3 O-O 6. b4 Bb6 7. a4 a6 8. Bg5 d6
9. Nbd2 Be6 10. Qb3 Qe7 11. Nf1 Bxc4 12. Qxc4 Qe6 13. Bxf6 Qxf6 14. a5 Ba7 15.
Ng3 Qe6 16. O-O Qxc4 17. dxc4 Ne7 18. Ra2 Ng6 19. Nf5 Rfe8 20. g3 Nf8 21. Kg2
Ne6 22. Ng1 g6 23. Nh4 Ng7 24. Nhf3 f5 25. Nd2 Nh5 26. Ngf3 Kg7 27. Rb1 Rf8 28.
c5 fxe4 29. Nxe4 d5 30. Ned2 Rfe8 31. Re1 e4 32. Nd4 Rad8 33. Kf1 Kg8 34. f3
exf3 35. N2xf3 Rxe1+ 36. Kxe1 Nf6 37. Re2 Ne4 38. c4 c6 39. cxd5 cxd5 40. Nd2
Re8 41. N4f3 Bb8 42. Nxe4 dxe4 43. Re3 Be5 44. Nd2 Kf8 45. Kd1 Bd4 46. Rxe4 Bc3
47. Rf4+ Kg7 48. Kc2 Bf6 49. Re4 Rd8 50. Nc4 1-0

[Event "First Saturday 2011 szeptember GM"]
[Site "Budapest"]
[Date "2011.09.03"]
[Round "1"]
[White "Kislik, Erik Andrew"]
[Black "Battey, Alexander"]
[Result "1-0"]
[WhiteElo "2320"]
[BlackElo "2313"]
[PlyCount "51"]
[EventDate "2011.09.03"]

1. d4 Nf6 2. c4 g6 3. Nc3 d5 4. cxd5 Nxd5 5. e4 Nxc3 6. bxc3 Bg7 7. Bc4 c5 8.
Ne2 O-O 9. O-O Nc6 10. Be3 Qc7 11. Rc1 Rd8 12. h4 e6 13. h5 Ne5 14. Bf4 Qc6 15.
Bb3 Qxe4 16. h6 Bh8 17. Bg5 Qg4 18. f4 f6 19. dxe5 Rxd1 20. Rcxd1 Bd7 21. Rxd7
fxg5 22. Nd4 cxd4 23. f5 Qxf5 24. Rxf5 gxf5 25. Bxe6+ Kf8 26. cxd4 1-0

[Event "First Saturday 2011 szeptember GM"]
[Site "Budapest"]
[Date "2011.09.04"]
[Round "2"]
[White "Varga, Zoltan"]
[Black "Battey, Alexander"]
[Result "1/2-1/2"]
[WhiteElo "2474"]
[BlackElo "2313"]
[PlyCount "41"]
[EventDate "2011.09.03"]

1. e4 c6 2. d4 d5 3. Nd2 dxe4 4. Nxe4 Bf5 5. Ng3 Bg6 6. Nh3 e6 7. Nf4 Bd6 8.
Ngh5 Bxh5 9. Nxh5 g6 10. Nf4 Nf6 11. c3 Nbd7 12. g3 h5 13. h4 e5 14. dxe5 Nxe5
15. Bh3 O-O 16. O-O Bc5 17. Qc2 Nfg4 18. Bg2 Re8 19. b4 Bb6 20. a4 a6 21. a5
1/2-1/2

[Event "First Saturday 2011 szeptember GM"]
[Site "Budapest"]
[Date "2011.09.04"]
[Round "2"]
[White "Mulyar, Michael A"]
[Black "Kislik, Erik Andrew"]
[Result "1/2-1/2"]
[WhiteElo "2421"]
[BlackElo "2320"]
[PlyCount "52"]
[EventDate "2011.09.03"]

1. d4 d5 2. c4 c6 3. Nc3 Nf6 4. e3 e6 5. Nf3 Nbd7 6. Bd3 dxc4 7. Bxc4 b5 8. Bd3
a6 9. e4 c5 10. d5 c4 11. Bc2 Qc7 12. O-O Bb7 13. dxe6 fxe6 14. Ng5 Nc5 15. Be3
h6 16. Nf3 Bd6 17. e5 Bxe5 18. Nxe5 Qxe5 19. Re1 Kf7 20. Bd4 Qd6 21. Bxc5 Qxc5
22. Qe2 Rhe8 23. Rad1 Qc6 24. f3 Rad8 25. Kh1 Qb6 26. a4 b4 1/2-1/2

[Event "First Saturday 2011 szeptember GM"]
[Site "Budapest"]
[Date "2011.09.04"]
[Round "2"]
[White "Poetsch, Hagen"]
[Black "Vajda, Levente"]
[Result "0-1"]
[WhiteElo "2401"]
[BlackElo "2557"]
[PlyCount "70"]
[EventDate "2011.09.03"]

1. e4 g6 2. d4 Bg7 3. Nc3 a6 4. a4 d6 5. Be3 Nf6 6. f3 Nbd7 7. Bc4 c6 8. a5 O-O
9. Nge2 b5 10. axb6 d5 11. Bb3 dxe4 12. fxe4 Qxb6 13. Qd2 Ng4 14. Bg1 e5 15. h3
exd4 16. Na4 Qc7 17. hxg4 c5 18. Bh2 Ne5 19. Bd5 Bxg4 20. Nxc5 Bxe2 21. Kxe2
Qxc5 22. Bxe5 Bxe5 23. Ra5 Qc7 24. Bxa8 Rxa8 25. Rha1 Rb8 26. R1a2 Bf4 27. Qxd4
Qxc2+ 28. Kf3 Bd2 29. b4 Qd1+ 30. Kf2 Qe1+ 31. Kf3 Qf1+ 32. Qf2 Qd3+ 33. Kg4
h5+ 34. Kh4 Bxb4 35. Re5 Qd8+ 0-1

[Event "First Saturday 2011 szeptember GM"]
[Site "Budapest"]
[Date "2011.09.04"]
[Round "2"]
[White "Rodrigez, Lopez Rafael"]
[Black "Hagen, Andreas Skytte"]
[Result "0-1"]
[WhiteElo "2313"]
[BlackElo "2454"]
[PlyCount "74"]
[EventDate "2011.09.03"]

1. e4 e5 2. Nf3 Nc6 3. Bb5 Nf6 4. d3 Bc5 5. c3 O-O 6. O-O d5 7. exd5 Qxd5 8.
Bc4 Qd6 9. b4 Bb6 10. Ba3 Ne7 11. d4 exd4 12. Nxd4 Ng4 13. g3 Ne5 14. Be2 Bh3
15. Re1 Rfd8 16. Nd2 Nd5 17. Ne4 Qe7 18. Bb2 Nxc3 19. Bxc3 Bxd4 20. Bxd4 Nc6
21. Nf6+ gxf6 22. Bd3 Qxe1+ 23. Qxe1 Rxd4 24. Qe3 Rad8 25. Qh6 Rxd3 26. Qxh3
Ne5 27. Kg2 Rf3 28. Re1 Rd2 29. Qc8+ Kg7 30. Rf1 Ra3 31. Qxc7 b6 32. h3 Raxa2
33. g4 Nd3 34. h4 h6 35. Kg3 Nxf2 36. g5 Ra3+ 37. Kf4 Rd4+ 0-1

[Event "First Saturday 2011 szeptember GM"]
[Site "Budapest"]
[Date "2011.09.04"]
[Round "2"]
[White "Illinworth, Max"]
[Black "Czebe, Attila"]
[Result "1-0"]
[WhiteElo "2357"]
[BlackElo "2513"]
[PlyCount "67"]
[EventDate "2011.09.03"]

1. e4 d6 2. d4 Nf6 3. Nc3 e5 4. Nf3 Nbd7 5. Bc4 Be7 6. O-O c6 7. a4 h6 8. Re1
Qc7 9. h3 Nf8 10. Be3 Ng6 11. a5 O-O 12. Bb3 Kh8 13. d5 c5 14. Nd2 Nh7 15. Nc4
f5 16. Qh5 Nh4 17. Nb5 Qd8 18. Nbxd6 Bxd6 19. Nxd6 Qxd6 20. Qxh4 f4 21. Bd2 g5
22. Qh5 Kg7 23. Qd1 f3 24. Re3 Bxh3 25. Rxf3 Bg4 26. Rxf8 Bxd1 27. Rxa8 Be2 28.
c4 a6 29. Re8 Qd7 30. Rxe5 Qg4 31. Rf5 Qxe4 32. Re5 Qg4 33. Re3 Nf6 34. Bc3 1-0

[Event "First Saturday 2011 szeptember GM"]
[Site "Budapest"]
[Date "2011.09.05"]
[Round "3"]
[White "Czebe, Attila"]
[Black "Varga, Zoltan"]
[Result "1/2-1/2"]
[WhiteElo "2513"]
[BlackElo "2474"]
[PlyCount "42"]
[EventDate "2011.09.03"]

1. d4 Nf6 2. c4 g6 3. Nc3 d5 4. cxd5 Nxd5 5. e4 Nxc3 6. bxc3 Bg7 7. Bb5+ Bd7 8.
Be2 c5 9. Nf3 Bc6 10. d5 Bxc3+ 11. Bd2 Bxd2+ 12. Qxd2 Bd7 13. Qc3 O-O 14. Qxc5
b6 15. Qe3 Bg4 16. O-O Nd7 17. Nd4 Bxe2 18. Qxe2 Nc5 19. Nc6 Qc7 20. Rac1 e6
21. Rfd1 Rfe8 1/2-1/2

[Event "First Saturday 2011 szeptember GM"]
[Site "Budapest"]
[Date "2011.09.05"]
[Round "3"]
[White "Hagen, Andreas Skytte"]
[Black "Illinworth, Max"]
[Result "1/2-1/2"]
[WhiteElo "2454"]
[BlackElo "2357"]
[PlyCount "98"]
[EventDate "2011.09.03"]

1. Nf3 Nf6 2. c4 g6 3. Nc3 Bg7 4. e4 O-O 5. d4 d6 6. Be2 e5 7. O-O exd4 8. Nxd4
Re8 9. f3 Nc6 10. Be3 Nh5 11. Qd2 f5 12. Nxc6 bxc6 13. Bg5 Bf6 14. Bxf6 Nxf6
15. Bd3 fxe4 16. Bxe4 Nxe4 17. Nxe4 Bf5 18. Ng3 Qf6 19. Rae1 Kh8 20. b3 Bd7 21.
Ne4 Qg7 22. c5 d5 23. Nc3 g5 24. Ne2 Re7 25. Nd4 Rae8 26. Rxe7 Rxe7 27. h3 h5
28. Rf2 Kg8 29. Re2 g4 30. hxg4 hxg4 31. fxg4 Rxe2 32. Nxe2 Qxg4 33. Qe3 Kf7
34. Kf2 Kf6 35. Qd4+ Kf5 36. Ng3+ Kg6 37. Qe5 Qb4 38. Qe3 Qa3 39. Qd3+ Kf6 40.
Qc3+ Ke7 41. Qc2 Qb4 42. Ne2 Qh4+ 43. Kf1 Qf6+ 44. Kg1 Qa1+ 45. Kf2 Qf6+ 46.
Ke1 Qh4+ 47. Kf1 Qf6+ 48. Ke1 Qh4+ 49. Kf1 Qf6+ 1/2-1/2

[Event "First Saturday 2011 szeptember GM"]
[Site "Budapest"]
[Date "2011.09.05"]
[Round "3"]
[White "Vajda, Levente"]
[Black "Rodrigez, Lopez Rafael"]
[Result "1-0"]
[WhiteElo "2557"]
[BlackElo "2313"]
[PlyCount "43"]
[EventDate "2011.09.03"]

1. e4 c5 2. c3 Nf6 3. e5 Nd5 4. d4 cxd4 5. Nf3 e6 6. cxd4 Bb4+ 7. Bd2 Bxd2+ 8.
Qxd2 b6 9. Nc3 Nxc3 10. bxc3 Bb7 11. Bd3 d6 12. O-O O-O 13. Ng5 h6 14. Nh7 Re8
15. Nf6+ gxf6 16. Qxh6 f5 17. Rae1 Nd7 18. Re3 Nf8 19. Be2 dxe5 20. Rg3+ Ng6
21. Bh5 f4 22. Bxg6 1-0

[Event "First Saturday 2011 szeptember GM"]
[Site "Budapest"]
[Date "2011.09.05"]
[Round "3"]
[White "Kislik, Erik Andrew"]
[Black "Poetsch, Hagen"]
[Result "0-1"]
[WhiteElo "2320"]
[BlackElo "2401"]
[PlyCount "62"]
[EventDate "2011.09.03"]

1. e4 e6 2. d4 d5 3. Nc3 Nf6 4. e5 Nfd7 5. f4 c5 6. Nf3 Nc6 7. Be3 Be7 8. Qd2
O-O 9. Be2 b6 10. Nd1 cxd4 11. Nxd4 Nxd4 12. Bxd4 f6 13. exf6 Bxf6 14. O-O Nc5
15. Nf2 Qc7 16. Bxf6 Rxf6 17. Ng4 Rf8 18. Bd3 Bb7 19. Rae1 Rad8 20. Re5 Qf7 21.
Qe3 Nxd3 22. cxd3 h5 23. Rxe6 d4 24. Nh6+ gxh6 25. Qg3+ Kh7 26. Rfe1 Rde8 27.
f5 Rxe6 28. fxe6 Qg7 29. e7 Re8 30. Qxg7+ Kxg7 31. Kf2 Kf6 0-1

[Event "First Saturday 2011 szeptember GM"]
[Site "Budapest"]
[Date "2011.09.05"]
[Round "3"]
[White "Battey, Alexander"]
[Black "Mulyar, Michael A"]
[Result "1/2-1/2"]
[WhiteElo "2313"]
[BlackElo "2421"]
[PlyCount "75"]
[EventDate "2011.09.03"]

1. d4 d5 2. Bf4 Nf6 3. e3 c5 4. c3 Nc6 5. Nd2 cxd4 6. exd4 Bf5 7. Ngf3 e6 8.
Qb3 Qc8 9. Nh4 Bg4 10. h3 Bh5 11. g4 Bg6 12. Nxg6 hxg6 13. Bg2 Be7 14. O-O O-O
15. Rae1 a6 16. a3 b5 17. Bh2 Na5 18. Qc2 Nc4 19. f4 Nxd2 20. Qxd2 Bd6 21. f5
Bxh2+ 22. Kxh2 exf5 23. gxf5 gxf5 24. Re5 Qc7 25. Kg1 Rae8 26. Rfxf5 Re6 27.
Qg5 a5 28. Qf4 b4 29. axb4 axb4 30. Rg5 Rxe5 31. dxe5 Nh7 32. Rg3 bxc3 33. bxc3
Re8 34. Bxd5 Qc5+ 35. Qd4 Qxd4+ 36. cxd4 Rd8 37. Bb3 Rxd4 38. e6 1/2-1/2

[Event "First Saturday 2011 szeptember GM"]
[Site "Budapest"]
[Date "2011.09.06"]
[Round "4"]
[White "Varga, Zoltan"]
[Black "Mulyar, Michael A"]
[Result "0-1"]
[WhiteElo "2474"]
[BlackElo "2421"]
[PlyCount "46"]
[EventDate "2011.09.03"]

1. c4 Nf6 2. Nc3 e5 3. Nf3 Nc6 4. d4 exd4 5. Nxd4 Bb4 6. Bg5 h6 7. Bh4 Bxc3+ 8.
bxc3 Ne5 9. Bg3 d6 10. f3 O-O 11. e4 Qe7 12. Bh4 Ng6 13. Bf2 Nh5 14. Qe2 c5 15.
Nc2 f5 16. exf5 Qxe2+ 17. Bxe2 Bxf5 18. O-O-O Nhf4 19. Bf1 Ne5 20. Ne1 Rad8 21.
g3 Nh3 22. Be3 Be6 23. Bg2 Nxc4 0-1

[Event "First Saturday 2011 szeptember GM"]
[Site "Budapest"]
[Date "2011.09.06"]
[Round "4"]
[White "Poetsch, Hagen"]
[Black "Battey, Alexander"]
[Result "1/2-1/2"]
[WhiteElo "2401"]
[BlackElo "2313"]
[PlyCount "65"]
[EventDate "2011.09.03"]

1. e4 c6 2. d4 d5 3. e5 c5 4. dxc5 e6 5. Nf3 Bxc5 6. Bd3 Nc6 7. O-O f6 8. Qe2
fxe5 9. Nxe5 Nxe5 10. Qxe5 Nf6 11. Bf4 O-O 12. h3 Bd7 13. Nd2 Rc8 14. Nf3 Bb6
15. Rad1 Bc7 16. Qd4 Bb6 17. Qe5 Bc7 18. Qg5 Ne4 19. Qxd8 Bxd8 20. Be5 Ng5 21.
Nxg5 Bxg5 22. Rfe1 a6 23. c4 Ba4 24. b3 dxc4 25. Bxc4 Rxc4 26. bxc4 Bxd1 27.
Rxd1 Rd8 28. Rxd8+ Bxd8 29. f4 h5 30. Kf2 Kf7 31. Kf3 g6 32. g4 hxg4+ 33. hxg4
1/2-1/2

[Event "First Saturday 2011 szeptember GM"]
[Site "Budapest"]
[Date "2011.09.06"]
[Round "4"]
[White "Rodrigez, Lopez Rafael"]
[Black "Kislik, Erik Andrew"]
[Result "1/2-1/2"]
[WhiteElo "2313"]
[BlackElo "2320"]
[PlyCount "60"]
[EventDate "2011.09.03"]

1. e4 e5 2. Nf3 Nc6 3. Bb5 a6 4. Ba4 Nf6 5. O-O Be7 6. Re1 b5 7. Bb3 d6 8. c3
O-O 9. h3 Bb7 10. d4 Re8 11. Ng5 Rf8 12. Nf3 h6 13. Nbd2 Re8 14. Nf1 Bf8 15.
Ng3 Na5 16. Bc2 Nc4 17. b3 Nb6 18. Bd3 g6 19. d5 c6 20. c4 Bg7 21. Rb1 Rb8 22.
a4 b4 23. Bd2 a5 24. Rc1 Nbd7 25. Nh2 Nc5 26. Bc2 cxd5 27. cxd5 h5 28. Bg5 Qe7
29. Qf3 Ba6 30. Nhf1 Rec8 1/2-1/2

[Event "First Saturday 2011 szeptember GM"]
[Site "Budapest"]
[Date "2011.09.06"]
[Round "4"]
[White "Illinworth, Max"]
[Black "Vajda, Levente"]
[Result "1-0"]
[WhiteElo "2357"]
[BlackElo "2557"]
[PlyCount "71"]
[EventDate "2011.09.03"]

1. e4 g6 2. d4 Bg7 3. Nc3 d6 4. f4 b6 5. Nf3 Bg4 6. Be3 c5 7. dxc5 bxc5 8. Bc4
Be6 9. Bxe6 fxe6 10. Ng5 Qc8 11. Qg4 Bxc3+ 12. bxc3 Nf6 13. Qh3 Nc6 14. Nxe6
Nd8 15. f5 Nxe6 16. fxe6 Qa6 17. e5 Ne4 18. exd6 O-O 19. dxe7 Rf6 20. Rd1 Qa5
21. Rd3 c4 22. Rd8+ Rxd8 23. exd8=Q+ Qxd8 24. Bd4 Qb8 25. Qg4 Rf4 26. Qd1 Ng5
27. Rf1 Re4+ 28. Kd2 Qxh2 29. Kc1 Qd6 30. Bxa7 Qa3+ 31. Kb1 Nxe6 32. Qd5 Re2
33. Qxc4 Re5 34. Bd4 Re4 35. Qc8+ Nf8 36. Bc5 1-0

[Event "First Saturday 2011 szeptember GM"]
[Site "Budapest"]
[Date "2011.09.06"]
[Round "4"]
[White "Czebe, Attila"]
[Black "Hagen, Andreas Skytte"]
[Result "1/2-1/2"]
[WhiteElo "2513"]
[BlackElo "2454"]
[PlyCount "120"]
[EventDate "2011.09.03"]

1. Nf3 Nf6 2. d4 g6 3. g3 Bg7 4. Bg2 d5 5. O-O O-O 6. c3 Nbd7 7. a4 a5 8. Na3
Ne4 9. Ne1 c6 10. c4 e6 11. Nac2 b6 12. Bf4 Ba6 13. Na3 e5 14. dxe5 Nxe5 15.
cxd5 cxd5 16. Bxe5 Bxe5 17. Nd3 Bd4 18. Nb5 Bxb5 19. axb5 Rc8 20. Ra4 Rc4 21.
Bxe4 Rxa4 22. Bxd5 Qxd5 23. Qxa4 Re8 24. Nf4 Qc5 25. Qb3 Rc8 26. e3 Bf6 27. Rd1
Kg7 28. Rd7 Qc4 29. Qxc4 Rxc4 30. b3 Rb4 31. Rb7 Be5 32. Nd3 Rxb5 33. Nxe5 Rxe5
34. Rxb6 Rc5 35. Kg2 h5 36. h4 Rc2 37. Rb5 Ra2 38. Kf3 a4 39. bxa4 Rxa4 40. Rb7
Ra3 41. Rd7 Rb3 42. Ke4 Rb2 43. f4 Rf2 44. Rd3 Rg2 45. Kf3 Rg1 46. e4 Ra1 47.
Ke3 Ra4 48. Kf3 Ra1 49. Re3 Kf6 50. Rc3 Kg7 51. Ke3 Ra4 52. Kd3 Rb4 53. Ra3 Kf6
54. e5+ Ke6 55. Ra6+ Ke7 56. Kc3 Re4 57. Rd6 Re3+ 58. Rd3 Re4 59. Kb3 Ke6 60.
Rd6+ Ke7 {after 50 move} 1/2-1/2

[Event "First Saturday 2011 szeptember GM"]
[Site "Budapest"]
[Date "2011.09.07"]
[Round "5"]
[White "Hagen, Andreas Skytte"]
[Black "Varga, Zoltan"]
[Result "1-0"]
[WhiteElo "2454"]
[BlackElo "2474"]
[PlyCount "51"]
[EventDate "2011.09.03"]

1. c4 c5 2. g3 g6 3. Bg2 Bg7 4. Nc3 Nc6 5. Nf3 e6 6. d3 Nge7 7. Bg5 d5 8. O-O
h6 9. Bd2 d4 10. Na4 b6 11. a3 Qd6 12. b4 Rb8 13. Rb1 cxb4 14. axb4 b5 15. Nc5
O-O 16. cxb5 Rxb5 17. Qa4 Qb8 18. Rfc1 a5 19. Qxb5 Qxb5 20. bxa5 Nb4 21. Bxb4
Nd5 22. Nxe6 Nxb4 23. Nxf8 Qb8 24. Nxg6 fxg6 25. Rc4 Bf8 26. Nxd4 1-0

[Event "First Saturday 2011 szeptember GM"]
[Site "Budapest"]
[Date "2011.09.07"]
[Round "5"]
[White "Vajda, Levente"]
[Black "Czebe, Attila"]
[Result "1/2-1/2"]
[WhiteElo "2557"]
[BlackElo "2513"]
[PlyCount "30"]
[EventDate "2011.09.03"]

1. e4 d5 2. exd5 Qxd5 3. Nc3 Qa5 4. d4 Nf6 5. Nf3 c6 6. Be2 Bf5 7. O-O e6 8.
Ne5 Nbd7 9. Nc4 Qc7 10. g3 Nb6 11. Bf4 Qd8 12. Ne3 Bg6 13. h4 h6 14. a3 Be7 15.
Bf3 O-O 1/2-1/2

[Event "First Saturday 2011 szeptember GM"]
[Site "Budapest"]
[Date "2011.09.07"]
[Round "5"]
[White "Kislik, Erik Andrew"]
[Black "Illinworth, Max"]
[Result "1/2-1/2"]
[WhiteElo "2320"]
[BlackElo "2357"]
[PlyCount "50"]
[EventDate "2011.09.03"]

1. d4 Nf6 2. c4 d6 3. Nc3 g6 4. e4 Bg7 5. Nf3 O-O 6. Be2 e5 7. O-O Na6 8. Be3
Ng4 9. Bg5 Qe8 10. dxe5 dxe5 11. h3 h6 12. Bd2 Nf6 13. Be3 Qe7 14. a3 c6 15. b4
Nh5 16. Rc1 Nf4 17. Re1 Ne6 18. c5 Nac7 19. Bc4 Kh8 20. Rc2 f5 21. exf5 gxf5
22. Bc1 Rd8 23. Qe2 e4 24. Nxe4 fxe4 25. Qxe4 Nd5 1/2-1/2

[Event "First Saturday 2011 szeptember GM"]
[Site "Budapest"]
[Date "2011.09.07"]
[Round "5"]
[White "Battey, Alexander"]
[Black "Rodrigez, Lopez Rafael"]
[Result "1/2-1/2"]
[WhiteElo "2313"]
[BlackElo "2313"]
[PlyCount "45"]
[EventDate "2011.09.03"]

1. e4 c5 2. Nf3 e6 3. d4 cxd4 4. Nxd4 a6 5. Bd3 Bc5 6. Nb3 Ba7 7. O-O Ne7 8.
Qe2 Nbc6 9. Be3 d6 10. Bxa7 Rxa7 11. f4 O-O 12. N1d2 Nb4 13. Qe3 Ra8 14. a3
Nxd3 15. cxd3 b6 16. Rac1 Bb7 17. Nd4 e5 18. N4f3 f6 19. d4 exf4 20. Qxf4 Ng6
21. Qf5 d5 22. e5 Qe7 23. exf6 1/2-1/2

[Event "First Saturday 2011 szeptember GM"]
[Site "Budapest"]
[Date "2011.09.07"]
[Round "5"]
[White "Mulyar, Michael A"]
[Black "Poetsch, Hagen"]
[Result "1/2-1/2"]
[WhiteElo "2421"]
[BlackElo "2401"]
[PlyCount "68"]
[EventDate "2011.09.03"]

1. d4 Nf6 2. c4 e6 3. g3 c5 4. Nf3 cxd4 5. Nxd4 d5 6. Bg2 e5 7. Nf3 d4 8. O-O
Nc6 9. e3 Be7 10. exd4 exd4 11. Bf4 O-O 12. Ne5 Qb6 13. Qb3 Na5 14. Qxb6 axb6
15. Nd2 Nh5 16. Nb3 Bf6 17. Nxa5 Nxf4 18. gxf4 Rxa5 19. Rfd1 g5 20. Nd3 Re8 21.
Re1 Rxe1+ 22. Rxe1 Be6 23. fxg5 Bxg5 24. Bd5 Bxd5 25. cxd5 Rxd5 26. Re8+ Kg7
27. Kg2 Rd7 28. Kf3 f5 29. Re6 Bd8 30. Kf4 Rd5 31. Kf3 Kf7 32. Rh6 Kg7 33. Re6
Kf7 34. Rh6 Kg7 1/2-1/2

[Event "First Saturday 2011 szeptember GM"]
[Site "Budapest"]
[Date "2011.09.08"]
[Round "6"]
[White "Rodrigez, Lopez Rafael"]
[Black "Mulyar, Michael A"]
[Result "0-1"]
[WhiteElo "2313"]
[BlackElo "2421"]
[PlyCount "76"]
[EventDate "2011.09.03"]

1. e4 e5 2. Nf3 Nc6 3. Bb5 a6 4. Ba4 Nf6 5. O-O b5 6. Bb3 Bc5 7. a4 Rb8 8. axb5
axb5 9. c3 d6 10. d4 Bb6 11. h3 O-O 12. Re1 h6 13. Na3 exd4 14. cxd4 Na5 15.
Bc2 b4 16. Nb5 Bd7 17. Qd3 Bc6 18. Na7 Bxa7 19. Rxa5 Bb6 20. Rf5 Re8 21. e5
dxe5 22. Rfxe5 Qd7 23. Bd2 Bxf3 24. Rxe8+ Rxe8 25. Rxe8+ Qxe8 26. Qxf3 Bxd4 27.
b3 c5 28. Bd3 h5 29. g4 hxg4 30. hxg4 g6 31. g5 Nd7 32. Qc6 Qe7 33. Qb7 Qe6 34.
Qc8+ Kg7 35. Bb5 Qg4+ 36. Kf1 Qd1+ 37. Be1 Ne5 38. Qd8 Nf3 0-1

[Event "First Saturday 2011 szeptember GM"]
[Site "Budapest"]
[Date "2011.09.08"]
[Round "6"]
[White "Illinworth, Max"]
[Black "Battey, Alexander"]
[Result "1/2-1/2"]
[WhiteElo "2357"]
[BlackElo "2313"]
[PlyCount "58"]
[EventDate "2011.09.03"]

1. e4 c6 2. d4 d5 3. Nc3 dxe4 4. Nxe4 Bf5 5. Ng3 Bg6 6. h4 h6 7. Nf3 Nd7 8. h5
Bh7 9. Bd3 Bxd3 10. Qxd3 e6 11. Bd2 Ngf6 12. O-O-O Be7 13. Qe2 c5 14. Rhe1 O-O
15. Nf5 Re8 16. Nxe7+ Qxe7 17. Kb1 cxd4 18. Nxd4 Qc5 19. Be3 a6 20. g4 Rac8 21.
f3 Nd5 22. Bc1 N7b6 23. Qf2 Na4 24. Ka1 Qc4 25. Rd2 Red8 26. Qe2 Nab6 27. Qxc4
Nxc4 28. Rdd1 b5 29. a3 b4 1/2-1/2

[Event "First Saturday 2011 szeptember GM"]
[Site "Budapest"]
[Date "2011.09.08"]
[Round "6"]
[White "Czebe, Attila"]
[Black "Kislik, Erik Andrew"]
[Result "1/2-1/2"]
[WhiteElo "2513"]
[BlackElo "2320"]
[PlyCount "146"]
[EventDate "2011.09.03"]

1. c4 c6 2. e4 d5 3. exd5 cxd5 4. d4 Nf6 5. Nc3 Nc6 6. Nf3 Bg4 7. cxd5 Nxd5 8.
Be2 e6 9. O-O Be7 10. h3 Bh5 11. Be3 O-O 12. a3 Rc8 13. Rc1 Nxc3 14. Rxc3 Bf6
15. g4 Bg6 16. Qd2 Be4 17. Rd1 h6 18. Ne1 Qd7 19. f3 Bh7 20. f4 Rfd8 21. Nf3
Be4 22. Ne5 Nxe5 23. dxe5 Qxd2 24. Rxd2 Rxc3 25. Rxd8+ Bxd8 26. bxc3 a6 27. Bc5
Ba5 28. Bd4 Bd8 29. Kf2 Be7 30. a4 Kf8 31. Bf3 Bxf3 32. Kxf3 Ke8 33. c4 Kd7 34.
Be3 Kc6 35. Ke4 Bc5 36. Bd2 Bf8 37. f5 Kc5 38. Kd3 b5 39. cxb5 axb5 40. Be3+
Kb4 41. axb5 Kxb5 42. Ke4 Kc6 43. h4 g6 44. h5 g5 45. f6 Kb5 46. Kd3 Kb4 47.
Bc1 Kb5 48. Kc3 Bb4+ 49. Kb3 Bf8 50. Be3 Kc6 51. Kc4 Kc7 52. Kb5 Kb7 53. Bd2
Kc7 54. Ba5+ Kb7 55. Bc3 Ba3 56. Bd4 Bf8 57. Bb2 Kc7 58. Ka6 Bc5 59. Kb5 Bf8
60. Kc4 Kc6 61. Bc1 Kb6 62. Bd2 Kc6 63. Be3 Kb7 64. Kb5 Kc7 65. Ba7 Kb7 66. Bb6
Ba3 67. Ba5 Bf8 68. Bd2 Kc7 69. Bc1 Kb7 70. Be3 Kc7 71. Bc5 Bxc5 72. Kxc5 Kd7
73. Kb6 Kd8 1/2-1/2

[Event "First Saturday 2011 szeptember GM"]
[Site "Budapest"]
[Date "2011.09.08"]
[Round "6"]
[White "Hagen, Andreas Skytte"]
[Black "Vajda, Levente"]
[Result "0-1"]
[WhiteElo "2454"]
[BlackElo "2557"]
[PlyCount "116"]
[EventDate "2011.09.03"]

1. c4 Nf6 2. g3 g6 3. Bg2 Bg7 4. Nc3 O-O 5. e4 d6 6. Nge2 e5 7. O-O Be6 8. d3
Qd7 9. f4 exf4 10. Bxf4 Bh3 11. Qd2 Bxg2 12. Kxg2 Nc6 13. h3 Kh8 14. Bh6 Bxh6
15. Qxh6 Ng8 16. Qd2 Ne5 17. b3 Qd8 18. Rf2 c6 19. Raf1 Qe7 20. d4 Nd7 21. g4
Kg7 22. Ng3 Rae8 23. Rf4 h6 24. Qf2 Ngf6 25. Kh2 Nh7 26. Qg2 Kh8 27. Qf2 Ng5
28. Nge2 Kg7 29. Ng3 Ne6 30. Rf3 Kg8 31. Nge2 Ng5 32. Rf4 Ne6 33. Rf3 c5 34.
Nd5 Qg5 35. dxc5 Nexc5 36. Ng3 Qe5 37. Nc3 Ne6 38. Kg2 h5 39. gxh5 Ng5 40. Re3
f5 41. h4 f4 42. hxg5 fxe3 43. Qxe3 Rxf1 44. Kxf1 Rf8+ 45. Kg2 gxh5 46. Nd5
Qb2+ 47. Ne2 Ne5 48. Nf6+ Kg7 49. Nxh5+ Kg6 50. Nhf4+ Rxf4 51. Qxf4 Qxe2+ 52.
Kg3 Qe1+ 53. Kg2 Kh5 54. c5 Qe2+ 55. Kg3 Qd3+ 56. Kg2 Qc2+ 57. Kh3 Qc3+ 58. Qg3
Qxg3+ 0-1